Dzieła polskiego romantyzmu - Statystyki

Ogólne statystyki
  • Ten quiz został rozwiązany 819 razy
  • Średni wynik to 7 z 20
Statystyki odpowiedzi
Rok Autor Dzieło % Poprawnych
1822-1823, 1832 A. Mickiewicz Dziady
93%
1834 A. Mickiewicz Pan Tadeusz
91%
1833 J. Słowacki Kordian
79%
1833 A. Fredro Zemsta
79%
1822 A. Mickiewicz Ballady i romanse
69%
1834 J. Słowacki Balladyna
60%
1826 A. Mickiewicz Sonety krymskie
49%
1828 A. Mickiewicz Konrad Wallenrod
44%
1833 Z. Krasiński Nie-Boska komedia
44%
1820 A. Mickiewicz Oda do Młodości
25%
1839 J. Słowacki Grób Agamemnona
16%
1823 A. Mickiewicz Grażyna
14%
1836 J. Słowacki Hymn
14%
1839/1840 A. Mickiewicz Liryki lozańskie
12%
1841/1846 J. Słowacki Beniowski
10%
1851 C. K. Norwid Bema pamięci żałobny rapsod
8%
1839 J. Słowacki Lilla Weneda
5%
1843 J. Słowacki Sen srebrny Salomei
2%
1836 A. Mickiewicz Konfederaci barscy
0%
1844/1848 Z. Krasiński Psalmy przyszłości
0%
Nie znaleziono quizów pasujących do podanych kryteriów
Rozkład punktacji
Procent ludzi z każdym wynikiem
Percentyl według liczby udzielonych odpowiedzi
Twoja historia wyników
Nie rozwiązałeś tego quizu